| 000 | 00457nam a22001811a 4500 | ||
|---|---|---|---|
| 001 | 10237 | ||
| 003 | OSt | ||
| 005 | 20260204212152.0 | ||
| 008 | 080916s2001||||sp ||||||b||||||||||spa|| | ||
| 020 | _a0829733582 | ||
| 050 | _a922 B695b | ||
| 100 | _aBayer, Orlando | ||
| 245 | _aBiografía de grande cristianos / Orlando Bayer | ||
| 264 | _aEstados Unidos de América: Vida | ||
| 300 | _a260 P. | ||
| 650 | _aBIOGRAFIAS - CRISTIANOSÌ | ||
| 942 |
_2ddc _cBK |
||
| 999 |
_c10237 _d10237 |
||